000 00518nam a2200181Ia 4500
005 20250326125336.0
008 250326s9999 xx 000 0 und d
037 _aTextbook
040 _aFMSL
_beng
_cFMSL
041 _aeng
_2eng
084 _aX8(A):(Z227) K8
_qFMSL
100 _aHazari R K
245 0 _aIndustrial planning and licensing policy
_cHazari R K
260 _aIndia
_bIndia, Planning Commission
_c1968
300 _a760p
942 _cTB
_hX8(A):(Z227) K8
999 _c1277615
_d1277615